000 00904nas a2200301 4500
001 BR0405439
003 BR-BrBNA
005 20231205104954.0
007 ta
008 230509b bl.|||p| |||| 00| 00por d
040 _aBR-BrBNA
_bpor
_cBiblioteca Nacional de Agricultura
041 _a(Pt)
072 _aU10; P40
100 1 _aCosta, E.
100 1 _aLeal, P.A.M.
100 1 _aCarmo Júnior, R.R. do
245 1 _aModelo de simulação da temperatura e umidade relativa do ar no interior de estufa plástica
650 _aALFACE
650 _aESTUFA PLÁSTICA
650 _aUMIDADE RELATIVA
650 _aAR
650 _aTEMPERATURA
650 _aMODELO DE SIMULAÇÃO
650 _aBALANÇO DE ENERGIA
773 0 _tEngenharia Agrícola (Brazil)
_xISSN 0100-6916
_g(Jan-Apr 2004), v. 24(1) p. 56-67
_wBR0405439
909 _a202311
_bLúcia
_c55
_dLúcia Elande
942 _2AGRIS
_n0
_cANA
999 _c180568
_d180568